000 01708nam a22002417a 4500
001 6370
003 FISKH
005 20250424111447.0
008 250424b cb ||||| |||| 00| 0 eng d
020 _a9780198393023
040 _aFISKH
_beng
_cFISKH
_dFISKH
082 _a910.712
100 _aGallagher, RoseMarie
245 _ageog.1 :
_b4th edition geography for key stage 3 /
_cBy RoseMarie Gallagher , Richard Parish and Janet Williamson
250 _aFirst published in 2000
260 _aOxford :
_bOxford University Press ,
_c2014.
300 _a144 pages :
_bcolor illustrations, maps ;
_c28 cm .
520 _ageog.123 is a three-book course for the National Curriculum at Grade 6-9. This 4th edition has been specially written to match the new Programme of Study (for teaching from 2014).geog.123 combines a rigorous approach to content with a light touch, making it the most effective and engaging Grade 6-9 course available.Easy-to-use double-page spreads feature clearly-written objectives, student-friendly language, illustrated step-by-step explanations, up-to-date case studies and place-based examples, and high-quality photos, maps, and diagrams. Each Student Book has a glossary and full index.geog.1 includes coverage of the geological timescale, mapskills, the UK, glaciation, rivers, and Africa.Each Student Book is supported by online lesson plans and presentations, online resources including animations, and worksheets, and online assessment materials; an online Student Book; a Teacher's Handbook; a Workbook; and a Workbook Answer Book.
700 _aParish, Richard
_eIllustrator
700 _aWilliamson, Janet
_eIllustrator
942 _2ddc
_cBK
_n0
999 _c6370
_d6370